000 00894nam a2200217 i 4500
001 19771
003 ES-MaACL
005 20250920063030.0
007 t|
008 021011s1915 sp ||||1| spa d
100 1 _aAbū al-Ṣalt al-Dānī, Umayyaẗ ibn ʻAbd al-ʻAzīz,
_dca. 1068-ca. 1134
_9226701
245 1 0 _aRectificación de la mente
_b: tratado de lógica /
_cpor Abusalt de Denia ; texto árabe, traducción y estudio previo por C. Angel González Palencia.
260 _aMadrid :
_bJunta de Ampliación de Estudios e Investigaciones Científicas :
_bCentro de Estudios Históricos,
_c1915 (
_fImp. Ibérica)
300 _a137, 53 p. ;
_c23 cm.
546 _aTexto en español y árabe.
650 4 _aLógica.
_914693
700 1 _aGonzález Palencia, Ángel,
_d1889-1949
_958854
852 _aES-MaACL
_jB-5070
852 _aES-MaACL
_jF-9461
999 _c19771
_d19771